[Event "Kalyan op 2nd"]
[Site "Kalyan"]
[Date "2019.02.02"]
[Round "8"]
[White "Manthan, Vijayrao Kale"]
[Black "Awade, Pradeep"]
[Result "0-1"]
[WhiteElo "1228"]
[BlackElo "1538"]
[PlyCount "88"]
[EventDate "2019.01.29"]
[EventType "swiss"]
[EventRounds "10"]
[EventCountry "IND"]
[SourceTitle "CBM 188 Extra"]
[Source "ChessBase"]
[SourceDate "2019.02.26"]
[SourceVersion "1"]
[SourceVersionDate "2019.02.26"]
[SourceQuality "1"]

1. e4 g6 2. d4 Bg7 3. Nf3 d6 4. Bc4 Nf6 5. Nc3 c6 6. e5 dxe5 7. dxe5 Qxd1+ 8. Kxd1 Ng4 9. Rf1 Nxe5 10. Nxe5 Bxe5 11. Re1 Nd7 12. Ne4 0-0 13. c3 Nb6 14. Bb3 Rd8+ 15. Ke2 Bf5 16. Kf1 Bxe4 17. Rxe4 Bf6 18. Be3 Nd5 19. Bd4 Bxd4 20. Rxd4 Nf6 21. Rad1 Rxd4 22. Rxd4 Kf8 23. Ke2 e6 24. Rd3 Ke7 25. h3 Rd8 26. Re3 Nd5 27. Bxd5 Rxd5 28. g4 Kd6 29. f4 c5 30. h4 h5 31. c4 Rd4 32. gxh5 gxh5 33. Rd3 Rxd3 34. Kxd3 f5 35. a3 b6 36. b3 a6 37. b4 e5 38. Ke3 a5 39. b5 a4 40. Kf3 Ke6 41. Ke3 exf4+ 42. Kxf4 Kf6 43. Kf3 Ke5 44. Ke3 f4+ 0-1